Welcome to the Holygrace Academy Library

Please use search bar below to get started

THE ELVES AND THE SHOEMAKER (Record no. 3280)

MARC details
000 -LEADER
fixed length control field 00298nam a22001337a 4500
020 ## - INTERNATIONAL STANDARD BOOK NUMBER
ISBN 978-81-264-1681-3
082 ## - DEWEY DECIMAL CLASSIFICATION NUMBER
Classification number 823
Item number SEE/T
100 ## - MAIN ENTRY--AUTHOR NAME
Personal name SEETHA
245 ## - TITLE STATEMENT
Title THE ELVES AND THE SHOEMAKER
260 ## - PUBLICATION, DISTRIBUTION, ETC. (IMPRINT)
Place of publication KOTTAYAM
Name of publisher DC BOOKS
300 ## - PHYSICAL DESCRIPTION
Number of Pages 29
650 ## - SUBJECT ADDED ENTRY--TOPICAL TERM
Topical Term ENGLISH SHORT STORY
Geographic subdivision KERALA
942 ## - ADDED ENTRY ELEMENTS (KOHA)
Koha item type Books
Holdings
Withdrawn status Lost status Collection code Home library Current library Shelving location Date acquired Source of acquisition Cost, normal purchase price Full call number Accession Number Koha item type
    Fiction Main Library Main Library SHELF 3- E- ENGLISH CHILDRENS LITERATURE &MYTHOLOGY 14/05/2010 PURCHASE 50.00 823 SEE/T 05057 Books